000 00398nam a2200157Ia 4500
008 130318s9999 xx 000 0 und d
020 _a8173713243
082 _a658.45 ROL/C
100 _aRoland and Frances Bee
245 _aConstructive feedback
260 _bUniversities Press
_aHyderabad
_c2000
300 _a68
440 _aManagement Shapers
650 _aCOMMUNICATION
650 _aFEEDBACK
999 _c205
_d205